Language Quiz

Random Language or Blitz Quiz
Score 0/8 Timer 00:30
0 Plays Today
% Correct
Chubby
80.1%
Celebrate
74.6%
Potato
73.6%
Choose
73.2%
Syllable
73.2%
Outside
72.5%
Become
71.6%
Imagine
67.5%
Remove Ads.
Support Sporcle.
Get the best of Sporcle when you Go Orange. This ad-free experience offers more features, more stats, and more fun while also helping to support Sporcle. Thank you for becoming a member.

You're not logged in!

Compare scores with friends on all Sporcle quizzes.
OR
Log In

Show Comments

Extras

Top Quizzes Today


Score Distribution

Your Account Isn't Verified!

In order to create a playlist on Sporcle, you need to verify the email address you used during registration. Go to your Sporcle Settings to finish the process.

Report this User

Report this user for behavior that violates our Community Guidelines.

Details: